| 000 | 00791 a2200181 4500 | ||
|---|---|---|---|
| 003 | Nust | ||
| 005 | 20230222112338.0 | ||
| 040 | _cNust | ||
| 082 | _a515,SOK | ||
| 100 |
_aSokolnikoff, Ivan S. _9109445 |
||
| 245 | _aAdvanced calculus / | ||
| 260 |
_aNew York _bMcGraw Hill _c1939 |
||
| 300 | _a445p | ||
| 505 | _aLimits and Continuity (Page-1), Derivatives and Differentials (Page-41), Functions of Several Variables (Page-58), Definite Integrals (Page-99), Multiple Integrals (Page-130), Line Integrals (Page-174), Infinite Series (Page-209), Power Series (Page-267), Applications of Power Series (Page-291), Improper Integrals (Page-335), Fourier Series (Page-378), Implicit Functions (Page-415). | ||
| 600 |
_aIvan S. Sokolnikoff _9109446 |
||
| 650 | _aCalculus | ||
| 942 |
_2ddc _cBK |
||
| 999 |
_c181222 _d181222 |
||